Các yếu tố ảnh hưởng đến sự hài lòng của người nộp thuế về dịch vụ thuế tại chi cục thuế Bắc Tân Uyên
Chuyên ngành: Quản trị kinh doanh; Mã số: 60340102; Ý kiến về việc sao chép tài liệu: không ý kiến; Ý kiến về việc chuyển dạng tài liệu ( từ giấy sang điện tử): không ý kiến; TM tài liệu tham khảo sau phần kết luận; Luận văn Thạc sĩ Quả...
Đã lưu trong:
| Príomhúdar: | |
|---|---|
| Údair Eile: | |
| Formáid: | Leabhar |
| Teanga: | Undetermined |
| Foilsithe: |
Bình Dương
2018
|
| Ábhair: | |
| Rochtain Ar Líne: | http://lrc.tdmu.edu.vn/opac/search/detail.asp?aID=2&ID=34014 |
| Clibeanna: |
Cuir Clib Leis
Gan Chlibeanna, Bí ar an gcéad duine leis an taifead seo a chlibeáil!
|
| Thư viện lưu trữ: | Trung tâm Học liệu Trường Đại học Thủ Dầu Một |
|---|
| LEADER | 01656nam a2200205Ia 4500 | ||
|---|---|---|---|
| 001 | TDMU_34014 | ||
| 008 | 210410s9999 xx 000 0 und d | ||
| 082 | |a 813.54 | ||
| 090 | |b H531 | ||
| 100 | |a Huỳnh, Thị Đông Phương | ||
| 245 | 0 | |a Các yếu tố ảnh hưởng đến sự hài lòng của người nộp thuế về dịch vụ thuế tại chi cục thuế Bắc Tân Uyên | |
| 245 | 0 | |c Huỳnh Thị Đông Phương; TS. Cảnh Chí Hoàng (hướng dẫn) | |
| 260 | |a Bình Dương | ||
| 260 | |c 2018 | ||
| 300 | |a 74 tr | ||
| 520 | |a Chuyên ngành: Quản trị kinh doanh; Mã số: 60340102; Ý kiến về việc sao chép tài liệu: không ý kiến; Ý kiến về việc chuyển dạng tài liệu ( từ giấy sang điện tử): không ý kiến; TM tài liệu tham khảo sau phần kết luận; Luận văn Thạc sĩ Quản trị kinh doanh trường ĐH Thủ Dầu Một, 2018; Luận văn gồm 5 chương. Chương 1 Giới thiệu nghiên cứu; Chương 2 Cơ sở lý thuyết và mô hình nghiên cứu; Chương 3 Phương pháp nghiên cứu; Chương 4 Kết quả nghiên cứu; Chương 5 Kết luận và khuyến nghị | ||
| 650 | |a Luận văn; Chất lượng dịch vụ thuế |x Sự hài lòng |z Cục Thuế bắc Tân Uyên | ||
| 700 | |a Cảnh Chí Hoàng | ||
| 856 | |u http://lrc.tdmu.edu.vn/opac/search/detail.asp?aID=2&ID=34014 | ||
| 980 | |a Trung tâm Học liệu Trường Đại học Thủ Dầu Một | ||